| Tag |
First Indicator |
Second Indicator |
Subfields |
| LEADER |
00000cam a2200000 i 4500 |
| 001 |
in00000665698 |
| 005 |
20151015085905.0 |
| 008 |
750513s1972 kyua b 00010 eng d |
| 035 |
|
|
|a (OCoLC)01329875
|
| 035 |
|
|
|9 ACY3677AM
|
| 040 |
|
|
|c IUA
|d TXA
|d UtOrBLW
|
| 049 |
|
|
|a TXAM
|c [1080697]
|
| 090 |
|
|
|a QD518
|b .D54
|
| 100 |
1 |
|
|a Dhir, V. K.
|
| 245 |
1 |
0 |
|a Viscous hydrodynamic instability theory of the peak and minimum pool boiling heat fluxes /
|c by Vijay K. Dhir.
|
| 264 |
|
1 |
|a Lexington :
|b Boiling and Phase-change Laboratory, Dept. of Mechanical Engineering, University of Kentucky,
|c 1972.
|
| 300 |
|
|
|a xiv, 159 pages :
|b illustrations ;
|c 28 cm.
|
| 336 |
|
|
|a text
|b txt
|2 rdacontent
|
| 337 |
|
|
|a unmediated
|b n
|2 rdamedia
|
| 338 |
|
|
|a volume
|b nc
|2 rdacarrier
|
| 500 |
|
|
|a "UKY BU100."
|
| 500 |
|
|
|a Gravity Boiling Project, NASA grant NGR/18-001-035.
|
| 504 |
|
|
|a Bibliography: pages 130-134.
|
| 650 |
|
0 |
|a Boiling-points.
|
| 650 |
|
0 |
|a Heat
|x Transmission.
|
| 650 |
|
0 |
|a Viscosity.
|
| 999 |
|
|
|a MARS
|
| 999 |
f |
f |
|s 17a2ebec-ec6d-3d28-b3b9-45863f083783
|i 15c14c7e-79be-394d-9ff0-e0a2eaf847e2
|t 0
|
| 952 |
f |
f |
|p ric
|a Texas A&M University
|b Rellis Campus
|c Joint Library Facility
|d Remote Storage
|t 0
|e QD518 .D54
|h Library of Congress classification
|i unmediated -- volume
|m A14804722431
|
| 998 |
f |
f |
|a QD518 .D54
|t 0
|l Remote Storage
|